Statistics for 20 first nationalities in Space

Click here to take the quiz!

General Stats

  • This quiz has been taken 147 times
  • The average score is 12 of 20

Answer Stats

YearDateCountry% Correct
1961April 12Soviet Union
99%
1961May 5United States
98%
1982June 24France
92%
1984October 5Canada
91%
1983November 28West Germany
91%
1984April 3India
79%
1985November 26Mexico
71%
1978June 27Poland
69%
1985October 30Netherlands
59%
1981May 14Romania
56%
1979April 10Bulgaria
53%
1980May 26Hungary
53%
1978March 2Czechoslovakia
51%
1978August 26East Germany
50%
1980September 18Cuba
34%
1980July 23Vietnam
28%
1985June 17Saudi Arabia
23%
1981March 22Mongolia
22%
1988August 29Afghanistan
18%
1987July 22Syria
14%

Score Distribution

Percentile by Number Answered

Percent of People with Each Score

Your Score History

You have not taken this quiz